00970nam a2200253 a 450000100060000000300080000600500170001400800410003103500190007204000270009104100080011808200250012610000320015124501090018326000520029230000340034449000380037850400520041665100650046865100650053365100400059865100400063883000380067841859BD-RjUL20211209053448.0160607s1954 enka bs 001 0 eng  a(BD-RjUL)41977 aDLCcDLCdBD-RjULbeng aeng 219a325.42bTHM 19541 aThomas, Brinleyd1906-1994.10aMigration and economic growth :ba study of Great Britain and the Atlantic economy /cby Brinley Thomas. aCambridge :bCambridge University Press,c1954. axxv, 362 p. :bill. ;c24 cm.1 aEconomic and social studies ;v12 aIncludes bibliography (p. 335-342) and indexes. 0aGreat BritainxEmigration and immigrationxEconomic aspects. 0aUnited StatesxEmigration and immigrationxEconomic aspects. 0aGreat BritainxEconomic conditions. 0aUnited StatesxEconomic conditions. 0aEconomic and social studies ;v12